|
|
|
|
| LEADER |
01145nab#a2200409#ar4500 |
| 001 |
000110215 |
| 003 |
SVKKK |
| 005 |
20130416083031.0 |
| 008 |
130416c2012 xo |||||||||||||||b|eng |
| FMT |
|
|
|
| 015 |
|
|
|a SNBRB2013/04
|
| 038 |
|
|
|a SVKKK
|
| 040 |
|
|
|a SVKKK
|b slo
|e AACR2
|
| 041 |
0 |
|
|a eng
|b eng
|
| 044 |
|
|
|a xo
|c SK
|
| 080 |
|
|
|a 556.537
|2 2008
|
| 080 |
|
|
|a 627.41
|2 2008
|
| 100 |
1 |
|
|a Lukerchenko, Nikolay
|4 aut
|
| 242 |
1 |
0 |
|a Bassetova sila v numerických modeloch saltácie častíc
|
| 245 |
1 |
0 |
|a Basset force in numerical models of saltation
|c Nikolay Lukerchenko, Jindřich Dolanský, Pavel Vlasák
|
| 300 |
|
|
|b Obr., tab.
|
| 504 |
|
|
|a Bibliogr. odkazy
|
| 504 |
|
|
|a Res. angl.
|
| 650 |
0 |
4 |
|a pohyb naplavenín
|
| 650 |
0 |
4 |
|a kolízia častíc s dnom
|
| 650 |
0 |
4 |
|a Bassetova historická sila
|
| 650 |
0 |
4 |
|a numerické modely
|
| 700 |
1 |
|
|a Dolanský, Jindřich
|4 aut
|
| 700 |
1 |
|
|a Vlasák, Pavel
|4 aut
|
| 773 |
0 |
|
|t Journal of hydrology and hydromechanics
|g Roč. 60, č. 4 (2012), s. 277-287
|x 0042-790X
|
| 958 |
|
|
|a NB
|
| 974 |
|
|
|a Ma
|
| 992 |
|
|
|a RBX
|
| BAS |
|
|
|
| 852 |
|
|
|a SVKKK
|b BIB
|
| EXP |
|
|
|
| 998 |
|
|
|a GEO
|